Zumbacher Ödönke esete a Playboy-jal Pályakezdő írók (újabb) sorakozója - 1. OlvasóNAPló

Bibliographic Details
Main Author: Tóth, László (Author)
Format: Article
Language:Hungarian
Subjects:

MARC

LEADER 00000nab a2200000 a 4500
001 vtls000524666
003 SK-MaSNL
005 20260304003239.0
008 160202c1994 xo 0 hun
015 |a SNBRB19rr/mm-uuuuu 
035 |a CL0524804 
040 |a SNKBUCL  |b slo  |c SNKBUCL  |e AACR2 
041 0 |a hun 
044 |a xo  |c SK 
080 |a 82.09:894.511 (437.6)-1(082)=945.11(048)  |2 1981 
080 |a 894.511 (437.6)-1(082)=945.11(048)  |2 1981 
080 |a 894.511 (437.6)-3(082)=945.11(048)  |2 1981 
100 1 |a Tóth, László  |4 aut  |9 267649 
245 1 0 |a Zumbacher Ödönke esete a Playboy-jal  |b Pályakezdő írók (újabb) sorakozója - 1. OlvasóNAPló  |c László Tóth 
500 |a Zost. István Bettes 
650 0 7 |a literárne antológie  |2 snkbucl  |9 428514 
650 0 7 |a maďarská poézia  |2 snkbucl  |9 1294 
655 7 |a články z novín a časopisov  |2 snkbucl  |9 267496 
655 7 |a články z odboru literárna veda a krásna literatúra  |2 snkbucl  |9 770045 
655 7 |a recenzie  |2 snkbucl  |9 21907 
773 0 |t Nap  |g Roč. 6, č. 31 (1994), s. 20 
787 0 8 |i Rec.:  |t Kapufa a Parnasszuson a/z  |d Bratislava : Madách, 1993 
850 |a Slovenská národná knižnica 
852 |a Slovenská národná knižnica 
958 |a RK 
958 |a HU 
958 |a LX 
992 |a RBX 
999 |c 2546421  |d 2548351